| 000 | 00755nam a2200229Ia 4500 | ||
|---|---|---|---|
| 003 | CO-CtgCURN | ||
| 005 | 20250408222436.0 | ||
| 008 | 190723s9999 xx 000 0 und d | ||
| 020 | _a9586167534 | ||
| 040 |
_aCO-CtgCURN _bspa _ccoctgcurn |
||
| 082 |
_a346.04 _bB273 |
||
| 100 | _aBarreto Cruz, Nidia | ||
| 245 | 0 |
_aContribucion por plusvalia / _cNidia Barreto Cruz |
|
| 260 |
_aBogotá, Colombia : _bUniversidad Externado de Colombia, _c2003 |
||
| 300 |
_a123 páginas ; _c23 centímetros |
||
| 490 |
_aTesis de Grado; _v21 |
||
| 521 | _aAREA PROFESIONAL | ||
| 590 | _aPrograma de Derecho_18 | ||
| 650 | _aDerecho privado | ||
| 942 |
_cBK _h346.04 _iB273 _2ddc _n0 |
||
| 999 |
_c29232 _d29232 |
||